Т. 4; Избранные труды

Opis bibliograficzny
Parent link:Избранные труды/ А. Е. Ферсман; Академия Наук СССР ; гл. ред. Д. И. Щербаков. Т. 4.— , 1952-1962
Język:rosyjski
Wydane: 1958
Hasła przedmiotowe:
Format: Książka
KOHA link:https://koha.lib.tpu.ru/cgi-bin/koha/opac-detail.pl?biblionumber=136536

MARC

LEADER 00000nam2a2200000 4500
001 136536
005 20231101220626.0
035 |a (RuTPU)RU\TPU\book\147978 
090 |a 136536 
100 |a 20080424d1958 k y0rusy50 ca 
101 0 |a rus 
102 |a RU 
105 |a acf z 001zy 
200 0 |a Т. 4 
210 |d 1958 
215 |a 588 с., [1] вкл. л.  |c ил. 
317 |5 63413507: КР-550  |a Поступила в НТБ в 2004 г. в составе книжной коллекции профессора ТПИ К. В. Радугина. 
320 |a Главнейшая литература: с. 548-554. 
320 |a Условные обозначения: с. 555. 
320 |a Таблица свойств элементов: с. 557-561. 
320 |a Предметный указатель: с. 562-573. 
320 |a Именной указатель: с. 574-578. 
320 |a Список принятых сокращений названий периодических изданий: с.579-581. 
320 |a Библиогр. в конце глав и лекций. 
461 1 |0 (RuTPU)RU\TPU\book\66605  |t Избранные труды  |f А. Е. Ферсман  |g Академия Наук СССР ; гл. ред. Д. И. Щербаков  |v Т. 4  |d 1952-1962 
600 1 |a Ферсман  |b А. Е.  |c российский минералог и геохимик  |f 1883-1945  |g Александр Евгеньевич  |2 stltpush  |3 (RuTPU)RU\TPU\pers\12109  |9 3174 
606 1 |a Минералогия  |2 stltpush  |3 (RuTPU)RU\TPU\subj\43907  |9 63333 
610 1 |a геохимия 
610 1 |a периодический закон Менделеева 
610 1 |a парагенезис 
610 1 |a кларки 
610 1 |a библиотека К. В. Радугина 
675 |a 549  |v 3 
801 1 |a RU  |b 63413507  |c 20080424  |g PSBO 
801 2 |a RU  |b 63413507  |c 20220811  |g PSBO 
942 |c BK